000 00545nam a2200169Ia 4500
003 IN-BaIIA
008 211028s9999 xx 000 0 eng d
040 _cIIA Library
080 _a520.1
_bGIL
100 _aGill, David
245 0 _aDescription of the cape observatory
_bpt. 1, the vctoria telescope and its observatory.
_cDavid Gill
260 _aLondon
_bRoyal Observatory
_c1897
300 _a136p.
650 _aCape Observatory
_910820
650 _aVictoria telescope
_910821
942 _cBK
999 _c6302
_d6302